=LDR 00000nam 2200000 4500 =001 NUTBA000000000000487 =005 20151214154612.0 =006 =007 =008 =020 ##$$a 978-602-217-228-4 =035 ##$$0010-031400000000486 =082 ##$$a 320.607 2 =100 ##$$a ABDUL WAHAB, SOLIHIN =245 ##$$a ANALISIS KEBIJAKAN =260 ##$$a JAKARTA $b BUMI AKSARA $c 2012 =440 ##$$a ANALISIS KEBIJAKAN =700 ##$$a ABDUL WAHAB, SOLIHIN =990 ##$$a 21195833/BPAP-NTB/2014 =990 ##$$a 21400613/BPAP-NTB/20142014 =990 ##$$a 21400613/BPAP-NTB/20142014 =990 ##$$a 21400613/BPAP-NTB/20142014 =990 ##$$a 0001/BPAP-NTB/20142014 =990 ##$$a 0001/BPAP-NTB/20142015 =990 ##$$a 13161316 =990 ##$$a 1202001309 =990 ##$$a 91427/BPAP-NTB/2014 =990 ##$$a 21195833/BPAP-NTB/2014 =990 ##$$a 21400613/BPAP-NTB/20142014 =990 ##$$a 21400613/BPAP-NTB/20142014 =990 ##$$a 21400613/BPAP-NTB/20142014 =990 ##$$a 0001/BPAP-NTB/20142014 =990 ##$$a 0001/BPAP-NTB/20142015 =990 ##$$a 0001/BPAP-NTB/2015